| 000 | 00623nam a22001937a 4500 | ||
|---|---|---|---|
| 005 | 20240619124153.0 | ||
| 010 | _aENG-113272 | ||
| 020 |
_c395.00 _a9789381714379 |
||
| 035 | _aEN-96804 | ||
| 037 | _bDBAD/PUB | ||
| 082 | _a070.5 | ||
| 100 |
_aMatane, Paulias _967588 |
||
| 245 |
_aBooks for national development / _cby Paulias Matane [and] M.L. Ahuja ; foreworded by Bhishma Narain Singh |
||
| 260 |
_aKolkata _bNew Central Book Agency _c2013 |
||
| 270 |
_a8/1 Chintamoni Das Lane _bKolkata _e700009 |
||
| 300 |
_ax,268p. _c23cm(pbk) |
||
| 700 |
_aAhuja, M.L. _967589 |
||
| 942 |
_2ddc _cEN _mMAT _h070.5 |
||
| 999 |
_c93997 _d93997 |
||